| 000 | 01685cam a22004574i 4500 | ||
|---|---|---|---|
| 003 | PE-LiUPU | ||
| 005 | 20250731184549.0 | ||
| 008 | 150616s r 000 0 d | ||
| 035 | _a(Sirsi) a3314 | ||
| 040 |
_aPE-LiUPU _bspa _cPE-LiUPU _erda |
||
| 049 | _aPRUA | ||
| 082 | 0 | 4 |
_a947.084 _bK49 _221 |
| 100 | 1 |
_aKetchum, Richerd M., _eautor. |
|
| 245 | 1 | 0 | _aWhat is communism?. |
| 264 | 1 |
_aNew York : _bE. P. Dutton & Co., INC., _c1955. |
|
| 300 |
_a191 páginas : _bilustraciones fotos, mapas, láms. ; _c28 cm. |
||
| 336 |
_atext _2rdacontent |
||
| 337 |
_aunmediated _2rdamedia |
||
| 338 |
_avolume _2rdacarrier |
||
| 505 | 0 | _aThe face of communism -- Principles of communism -- How communism came to Russia -- Communism in practice -- Communist expansion -- The zone of silence -- The failures of communism -- The victims of communism -- The enemies of communism -- Questions and Answers about communism. | |
| 526 | _aP136 | ||
| 526 | _aP135 | ||
| 526 | _aP134 | ||
| 526 | _aP133 | ||
| 526 | _aP144 | ||
| 526 | _aP143 | ||
| 526 | _aP87 | ||
| 526 | _aP35 | ||
| 526 | _aP20 | ||
| 526 | _aP14 | ||
| 526 | _aP10 | ||
| 526 | _aP06 | ||
| 650 | 0 | 4 | _aCOMUNISMO (PRINCIPIOS). |
| 910 |
_ajck _bjvq _cjck |
||
| 942 |
_2ddc _cBOOK |
||
| 949 |
_a947.084 K49 _wDEWEY _c1 _i04316 _lCCODEBUL1 _mBUL _p00.00 _r0 _sY _tBOOK _u2015-04-23 _xEDUCACION _PP20 _0COMPRA _o.STAFF. Colección General |
||
| 994 |
_aC0 _bPEPRU |
||
| 596 | _a1 | ||
| 999 |
_a947.084 K49 _wDEWEY _c40869 _i04316 _f2021-11-8 _g5 _lCCODEBUL1 _mBUL _r0 _sY _tBOOK _u2015-4-23 _xBIBLIOTECA _PP20 _0COMPRA _o.STAFF. Colección General _d40869 |
||
| 980 |
_81 _gALBERTO SANCHEZ Responsable de Automatización |
||